Analysis of codification of terms and terminological units of the sphere of nuclear physics in modern English; Journal of Economics and Social Sciences; № 14

গ্রন্থ-পঞ্জীর বিবরন
Parent link:Journal of Economics and Social Sciences: electronic scientific journal.— , 2012-.— 2312-2978
№ 14.— 2019.— [5 p.]
প্রধান লেখক: Turkasov V. Vadim
সংস্থা লেখক: School of Nuclear Science & Engineering, Tomsk Polytechnic University, School of Core Engineering Education, Tomsk Polytechnic University
অন্যান্য লেখক: Zajcev I. Iliya, Zyablova N. N. Natalia Nikolaevna
সংক্ষিপ্ত:Title screen
In the modern world young scientists and specialists in the field of nuclear physics face the problem associated with thecorrect use of English terms and terminological units belonging to the field. Technical universities have the task todevelop students' competitiveness in the specialty of nuclear physics and technology, which is expressed in the ability tocorrectly use terms and terminological units. This article is devoted to the analysis of the codification of terms andterminological units in the field of nuclear technology industry in modern English. The analysis has shown a number ofcodified and non-codified terms and terminological units of the sphere of nuclear energy.
ভাষা:ইংরেজি
প্রকাশিত: 2019
মালা:Филологические науки
বিষয়গুলি:
অনলাইন ব্যবহার করুন:http://earchive.tpu.ru/handle/11683/55734
বিন্যাস: বৈদ্যুতিক গ্রন্থের অধ্যায়
KOHA link:https://koha.lib.tpu.ru/cgi-bin/koha/opac-detail.pl?biblionumber=584065

MARC

LEADER 00000naa2a2200000 4500
001 584065
005 20231227114601.0
035 |a (RuTPU)RU\TPU\prd\285316 
035 |a RU\TPU\prd\285315 
090 |a 584065 
100 |a 20190821a2019 k y0engy50 ba 
101 0 |a eng 
102 |a RU 
135 |a drcn ---uucaa 
181 0 |a i  
182 0 |a b 
200 1 |a Analysis of codification of terms and terminological units of the sphere of nuclear physics in modern English  |f V. Turkasov, I. Zajcev, N. N. Zyablova 
203 |a Text  |c electronic 
215 |a 1 файл (342 Кб) 
225 1 |a Филологические науки 
300 |a Title screen 
320 |a [References: 8 tit.] 
330 |a In the modern world young scientists and specialists in the field of nuclear physics face the problem associated with thecorrect use of English terms and terminological units belonging to the field. Technical universities have the task todevelop students' competitiveness in the specialty of nuclear physics and technology, which is expressed in the ability tocorrectly use terms and terminological units. This article is devoted to the analysis of the codification of terms andterminological units in the field of nuclear technology industry in modern English. The analysis has shown a number ofcodified and non-codified terms and terminological units of the sphere of nuclear energy. 
461 1 |0 (RuTPU)RU\TPU\prd\225573  |x 2312-2978  |t Journal of Economics and Social Sciences  |o electronic scientific journal  |d 2012- 
463 1 |0 (RuTPU)RU\TPU\prd\285293  |t № 14  |v [5 p.]  |d 2019 
610 1 |a электронный ресурс 
610 1 |a труды учёных ТПУ 
610 1 |a term 
610 1 |a terminological combination 
610 1 |a neologisms 
610 1 |a codification 
610 1 |a English 
700 1 |a Turkasov  |b V.  |g Vadim 
701 1 |a Zajcev  |b I.  |g Iliya 
701 1 |a Zyablova  |b N. N.  |c linguist  |c Associate Professor of Tomsk Polytechnic University, Candidate of Philology  |f 1976-  |g Natalia Nikolaevna  |3 (RuTPU)RU\TPU\pers\32626  |9 16538 
712 0 2 |a School of Nuclear Science & Engineering, Tomsk Polytechnic University 
712 0 2 |a School of Core Engineering Education, Tomsk Polytechnic University 
801 1 |a RU  |b 63413507  |c 20090623  |g PSBO 
801 2 |a RU  |b 63413507  |c 20200929  |g PSBO 
856 4 0 |u http://earchive.tpu.ru/handle/11683/55734 
942 |c BK